000 00430pab a2200169 454500
008 180718b2010 xxu||||| |||| 00| 0 eng d
100 _aPati, Biswamoy
245 _aReligion and social `subversion': re-examining colonial Orissa
260 _c2010
300 _ap.43-52.
362 _a19 Jun
650 _aReligion
650 _aSocial movements
773 _aEconomic and Political Weekly
908 _aN
909 _a86802
999 _c86802
_d86802